000 00985nam0a22002531 4500
001 rc\2825694
005 20260407194649.0
035 _a(NLR Aleph) 006983871
090 _a5559253
_c5559253
100 _a20110623f19201994|||y0rusy50 ca
101 0 _arus
102 _aRU
105 _ay z |||||
200 1 _aРешения Бюро МК ВЛКСМ о массовой производственной работе колхозной ячейки
210 _a[Москва]
_cБ. и.
_dБ. г.
_g13 типо-цинк. "Мособлполиграфа"
215 _a4 с.
_d20×15 см
300 _aБез тит. л. и обложки
517 0 0 _aО массовой производственной работе колхозной ячейки
710 0 2 _aВЛКСМ
_bМосковский городской комитет
_3RU\NLR\AUTH\8810128916
_9754749
801 0 _aRU
_bNLR
_gpsbo
801 1 _aRU
_bELAR
_2rusmarc
852 _aNLR
_j32-10/874
942 _cBOOK
980 _aNB